Nothing to Lose Everthing to Lose (Record no. 188984)

MARC details
000 -LEADER
fixed length control field 00388nam a22001697a 4500
003 - CONTROL NUMBER IDENTIFIER
control field OSt
020 ## - INTERNATIONAL STANDARD BOOK NUMBER
International Standard Book Number 9781591844037
082 ## - DEWEY DECIMAL CLASSIFICATION NUMBER
Classification number 658.11
Item number BLA/NO
100 ## - MAIN ENTRY--PERSONAL NAME
Personal name Ryan Blair
245 ## - TITLE STATEMENT
Title Nothing to Lose Everthing to Lose
250 ## - EDITION STATEMENT
Edition statement 1st
260 ## - PUBLICATION, DISTRIBUTION, ETC. (IMPRINT)
Place of publication, distribution, etc. New York
Name of publisher, distributor, etc. penguin Group
Date of publication, distribution, etc. 2010,2011
300 ## - PHYSICAL DESCRIPTION
Extent 222
650 ## - SUBJECT ADDED ENTRY--TOPICAL TERM
Topical term or geographic name as entry element Honor Your Deals
700 ## - ADDED ENTRY--PERSONAL NAME
Personal name Don Yaeger
942 ## - ADDED ENTRY ELEMENTS (KOHA)
Source of classification or shelving scheme Dewey Decimal Classification
Koha item type Books (General)
Holdings
Withdrawn status Lost status Source of classification or shelving scheme Damaged status Not for loan Home library Current library Date acquired Cost, normal purchase price Total Checkouts Full call number Date last seen Price effective from Koha item type
    Dewey Decimal Classification     College of Co-operation, Banking & Management Library, Vellanikkara College of Co-operation, Banking & Management Library, Vellanikkara 04/05/2015 0.00   658.11 BLA/NO 04/05/2015 04/05/2015 Books (General)
Kerala Agricultural University Central Library
Thrissur-(Dt.), Kerala Pin:- 680656, India
Ph : (+91)(487) 2372219
E-mail: librarian@kau.in
Website: http://library.kau.in/